Enfermedades neuromusculares en el lactante y en el niño / (Record no. 149069)

MARC details
000 -LEADER
campo de control de longitud fija 00643nam a2200181 4500
001 - NÚMERO DE CONTROL
campo de control 149069
003 - IDENTIFICADOR DE NÚMERO DE CONTROL
campo de control ES-MaACL
005 - FECHA Y HORA DE LA ÚLTIMA TRANSACCIÓN
campo de control 20230906202932.0
007 - CAMPO FIJO DE DESCRIPCIÓN FÍSICA--INFORMACIÓN GENERAL
campo de control de longitud fija t|
008 - DATOS DE LONGITUD FIJA--INFORMACIÓN GENERAL
campo de control de longitud fija 070214s1972 sp r ||||1| spa d
100 1# - ENTRADA PRINCIPAL--NOMBRE DE PERSONA
Nombre de persona Swaiman, Henneth F.
9 (RLIN) 108913
245 10 - MENCIÓN DEL TÍTULO
Título Enfermedades neuromusculares en el lactante y en el niño /
Mención de responsabilidad, etc. Henneth F. Swaiman y Francis Wright ; [versión... Paulino Castells Cuixart].
260 ## - PUBLICACIÓN, DISTRIBUCIÓN, ETC.
Lugar de publicación, distribución, etc. Barcelona :
Nombre del editor, distribuidor, etc. Ed. Pediátrica,
Fecha de publicación, distribución, etc. 1972 (
Fabricante Saturno)
300 ## - DESCRIPCIÓN FÍSICA
Extensión 4 h., 286 p. :
Otras características físicas il. ;
Dimensiones 25 cm.
700 1# - ENTRADA AGREGADA--NOMBRE PERSONAL
Nombre de persona Wright, Francis.
9 (RLIN) 117406
700 1# - ENTRADA AGREGADA--NOMBRE PERSONAL
Nombre de persona Castells Cuixart, Paulino.
9 (RLIN) 36598
852 ## - LOCALIZACIÓN
Ubicación ES-MaACL
Número de control de estantería C-42967
Sublocalización o colección R.81110
Holdings
Estatus retirado Estado de pérdida Estado de daño No para préstamo Biblioteca de origen Biblioteca actual Ubicación en estantería Fecha de adquisición Fuente de adquisición Total de préstamos Signatura topográfica completa Código de barras Visto por última vez Precio de reemplazo Tipo de ítem Koha
        Biblioteca del Ateneo de Madrid Biblioteca del Ateneo de Madrid Depósito 2 17/01/2008     C-42967 1155558 23/02/2023 23/02/2023 Libro impreso